000 00542nam a22001577a 4500
005 20251108171935.0
008 250721s1990 xx 000 0 ara d
082 1 4 _aط/027.625/ربح
100 1 _aعليان، ربحي مصطفى
245 1 0 _aأعزائي الأطفال تعالوا معي إلى المكتبة /
264 1 _aعمان :
_bالجمعية العلمية الملكية - قسم الثقافة العلمية،
_c1990.
300 _a32ص
650 1 7 _aمكتبات الأطفال
942 _2ddc
_cBK
999 _c66431
_d66431